Central Library OPAC University of Rajshahi

মুক্তিযুদ্ধে গণহত্যা ও গণকবর : (Record no. 84439)

MARC details
000 -LEADER
fixed length control field 01708nam a2200265 a 4500
001 - CONTROL NUMBER
RUCL Control Number 84439
003 - CONTROL NUMBER IDENTIFIER
rucl marc code BD-RjUL
005 - DATE AND TIME OF LATEST TRANSACTION
control field 20241204122037.0
008 - FIXED-LENGTH DATA ELEMENTS--GENERAL INFORMATION
fixed length control field 241204s2023 bg a|||| m||| 00| 0 ben d
035 ## - SYSTEM CONTROL NUMBER
system control number (BD-RjUL)84439
040 ## - CATALOGING SOURCE
Original cataloging agency BD-RjUL
Language of cataloging ben/eng
Transcribing agency BD-RjUL
Modifying agency BD-RjUL
041 ## - LANGUAGE CODE
Language code of Book ben
082 ## - DEWEY DECIMAL CLASSIFICATION NUMBER
DDC Edition number 23
Author mark and Year 954.9205
Classification number HUM 2023
100 ## - MAIN ENTRY--PERSONAL NAME
Personal name হক, ফারজানা
9 (RLIN) 14566
245 10 - TITLE STATEMENT
Title মুক্তিযুদ্ধে গণহত্যা ও গণকবর :
Remainder of title বৃহত্তর দিনাজপুর জেলা /
Statement of responsibility, etc গবেষক ফারজানা হক ;
Name of Supervisor/Co-Supervisor গবেষণা তত্ত্বাবধায়ক : মো. মাহফুজুর রহমান
246 ## - VARYING FORM OF TITLE
Title proper/short title Genocide and mass Graves of Liberation war :
Remainder of title Greater Dinajpur District /
260 ## - PUBLICATION, DISTRIBUTION, ETC. (IMPRINT)
Place of publication, distribution, etc রাজশাহী :
Name of publisher, distributor, etc ইসলামের ইতিহাস ও সংস্কৃতি বিভাগ, রাজশাহী বিশ্ববিদ্যালয়,
Date of publication, distribution, etc ২০২৩
300 ## - PHYSICAL DESCRIPTION
Pagination xviii, ২৭২ পাতা :
Other physical details চিত্র ;
Dimensions ২৯ সেমি.
502 ## - DISSERTATION NOTE
Dissertation note থিসিস (এম. ফিল.) -- ইসলামের ইতিহাস ও সংস্কৃতি বিভাগ, রাজশাহী বিশ্ববিদ্যালয়, ২০২৩
504 ## - BIBLIOGRAPHY, ETC. NOTE
Bibliography, etc গ্রন্থপঞ্জি : পাতা [২৪৬]-২৬২
650 ## - SUBJECT ADDED ENTRY--TOPICAL TERM
Topical term or geographic name as entry element মুক্তিযুদ্ধ
Form subdivision ইতিহাস ও সমালোচনা
9 (RLIN) 14105
Topical term or geographic name as entry element Liberation war
Form subdivision History and Criticism
9 (RLIN) 14106
700 ## - ADDED ENTRY--SUPERVISOR/CO-SUPERVISOR NAME
Personal name রহমান, মো. মাহফুজুর, গবেষণা তত্ত্বাবধায়ক
9 (RLIN) 5605
942 ## - ADDED ENTRY ELEMENTS (KOHA)
Source of classification or shelving scheme Dewey Decimal Classification
Koha item type Theses
Holdings
Source of classification or shelving scheme Damaged status Not for loan Collection code Permanent Location Current Location Shelving location Date of accession Source of acquisition Total Checkouts Full call number Barcode Date last seen Copy number Thesis
Dewey Decimal Classification   Not For Loan Theses Central Library, University of Rajshahi Central Library, University of Rajshahi Documentation Section 21/11/2024 Controller of Exam. R.U.   BTHE 954.9205 HUM 2023 D5048 04/12/2024 C-I Theses